Inovatívne prístupy v manažmente a ich vplyv na konkurencieschopnosť a úspešnosť podnikov v podmienkach globalizujúcej sa ekonomiky III.

Gespeichert in:
Bibliographische Detailangaben
Weitere Verfasser: Paprskárová, Paulína, Mišúnová Hudáková, Ivana, 1976-, Dušek, Jiří
Format: Buch
Sprache:Slowakisch
Englisch
Veröffentlicht: České Budějovice Vysoká škola evropských a regionálních studií VŠERS 2019
Ausgabe:1. vydání
Schlagworte:
Tags: Tag hinzufügen
Keine Tags, Fügen Sie das erste Tag hinzu!

MARC

LEADER 00000nlm a2200000 4500
001 0258054
005 20240704113512.0
020 |a 978-80-7556-043-8 
041 0 |a slo 
041 0 |a eng 
044 |a CZ 
245 1 0 |a Inovatívne prístupy v manažmente a ich vplyv na konkurencieschopnosť a úspešnosť podnikov v podmienkach globalizujúcej sa ekonomiky III.  |c Nadežda Jankelová a kolektív ; editor: Paulína Paprskárová 
250 |a 1. vydání 
264 1 |a České Budějovice  |b Vysoká škola evropských a regionálních studií VŠERS  |c 2019 
300 |a CD-ROM 112 s. [5,5 AH] 
610 2 0 |a riadenie podnikové 
610 2 0 |a inovácia 
610 2 0 |a konkurencieschopnosť 
610 2 0 |a globalizácia hospodárstva 
610 2 0 |a podnikanie malé 
610 2 0 |a podnikanie stredné 
610 2 0 |a rozhodovanie 
610 2 0 |a inteligencia emocionálna 
610 2 0 |a riadenie ľudských zdrojov 
610 2 0 |a ekonomika strieborná 
610 2 0 |a výskum 
610 2 0 |a priemysel 4.0 
610 2 0 |a ceny 
610 2 0 |a kontrola 
700 1 |a Paprskárová, Paulína 
700 1 |a Mišúnová Hudáková, Ivana, 1976- 
700 1 |a Dušek, Jiří